Bellamov princíp optimality v jednoduchom makroekonomickom modeli
Dynamické rozhodovacie problémy ekonomických subjektov. Dve jednoduché metódy využívajúce Bellmanovu rovnicu, a to iteráciu hodnotovej funkcie a metódu neurčitých koeficientov.
Salvato in:
| Autore principale: | |
|---|---|
| Natura: | Capitolo di libro |
| Lingua: | slovacco |
| Soggetti: | |
| Tags: |
Nessun Tag, puoi essere il primo ad aggiungerne!!
|
MARC
| LEADER | 00000nla a2200000 4500 | ||
|---|---|---|---|
| 001 | 0203905 | ||
| 005 | 20240502073415.7 | ||
| 041 | 0 | |a slo | |
| 044 | |a SK | ||
| 245 | 1 | 0 | |a Bellamov princíp optimality v jednoduchom makroekonomickom modeli |c Patrik Kupkovič |
| 520 | |a Dynamické rozhodovacie problémy ekonomických subjektov. Dve jednoduché metódy využívajúce Bellmanovu rovnicu, a to iteráciu hodnotovej funkcie a metódu neurčitých koeficientov. | ||
| 610 | 2 | 0 | |a programovanie dynamické |
| 610 | 2 | 0 | |a funkcie matematické |
| 610 | 2 | 0 | |a analýza ekonometrická |
| 610 | 2 | 0 | |a rovnice regresné |
| 610 | 2 | 0 | |a modely analytické ekonometrické |
| 100 | 1 | |a Kupkovič, Patrik | |